Klicke auf alle Bundesländer ... Teil 2 - Statistiken

Allgemein
  • Dieses Quiz wurde 33 mal gespielt
  • Das Durchschnittsergebnis liegt bei 28 aus 45
Antwortstatistiken
Frage Kachel Select % Korrekt
Bundesländer, mit keinem Fußballverein in der 1. Fußball-Bundesliga (2024/25) Nein
89%
Bundesländer, mit keinem Fußballverein in der 1. Fußball-Bundesliga (2024/25) Nein
86%
Bundesländer, mit keinem Fußballverein in der 1. Fußball-Bundesliga (2024/25) Nein
86%
Bundesländer, die an kein deutsches Nachbarland (Staat) grenzen Nein
82%
Bundesländer mit einem Bindestrich im Namen Nein
82%
Bundesländer, mit keinem Fußballverein in der 1. Fußball-Bundesliga (2024/25) Nein
79%
Bundesländer, die an kein deutsches Nachbarland (Staat) grenzen Nein
79%
Bundesländer, die an kein deutsches Nachbarland (Staat) grenzen Nein
79%
Bundesländer mit einem Bindestrich im Namen Nein
79%
Bundesländer mit einem Bindestrich im Namen Nein
79%
Bundesländer mit einem Bindestrich im Namen Ja
75%
Bundesländer mit einem Bindestrich im Namen Ja
75%
Bundesländer mit einer eigenen regionalen Rundfunkanstalt der ARD (bedeutet, ein Sender ist ausschließlich in diesem Land aktiv) Ja
75%
Bundesländer mit einer eigenen regionalen Rundfunkanstalt der ARD (bedeutet, ein Sender ist ausschließlich in diesem Land aktiv) Nein
75%
Bundesländer mit einem Bindestrich im Namen Ja
71%
Bundesländer mit einer eigenen regionalen Rundfunkanstalt der ARD (bedeutet, ein Sender ist ausschließlich in diesem Land aktiv) Nein
71%
Bundesländer, die an kein deutsches Nachbarland (Staat) grenzen Ja
68%
Bundesländer, die an kein deutsches Nachbarland (Staat) grenzen Ja
68%
Bundesländer mit einem Bindestrich im Namen Ja
68%
Bundesländer mit einer eigenen regionalen Rundfunkanstalt der ARD (bedeutet, ein Sender ist ausschließlich in diesem Land aktiv) Nein
68%
Bundesländer, mit keinem Fußballverein in der 1. Fußball-Bundesliga (2024/25) Ja
64%
Bundesländer, mit keinem Fußballverein in der 1. Fußball-Bundesliga (2024/25) Ja
64%
Bundesländer, die an kein deutsches Nachbarland (Staat) grenzen Ja
61%
Bundesländer mit dem BSW in der Landesregierung Nein
61%
Bundesländer, die an kein deutsches Nachbarland (Staat) grenzen Ja
57%
Bundesländer, die an kein deutsches Nachbarland (Staat) grenzen Ja
57%
Bundesländer mit dem BSW in der Landesregierung Nein
57%
Bundesländer mit dem BSW in der Landesregierung Nein
57%
Bundesländer, die an kein deutsches Nachbarland (Staat) grenzen Ja
54%
Bundesländer mit einem Bindestrich im Namen Ja
54%
Bundesländer mit einer eigenen regionalen Rundfunkanstalt der ARD (bedeutet, ein Sender ist ausschließlich in diesem Land aktiv) Nein
54%
Bundesländer, mit keinem Fußballverein in der 1. Fußball-Bundesliga (2024/25) Ja
50%
Bundesländer mit dem BSW in der Landesregierung Nein
50%
Bundesländer mit dem BSW in der Landesregierung Nein
50%
Bundesländer mit dem BSW in der Landesregierung Nein
50%
Bundesländer, mit keinem Fußballverein in der 1. Fußball-Bundesliga (2024/25) Ja
46%
Bundesländer mit einem Bindestrich im Namen Ja
46%
Bundesländer, mit keinem Fußballverein in der 1. Fußball-Bundesliga (2024/25) Ja
43%
Bundesländer mit dem BSW in der Landesregierung Nein
39%
Bundesländer mit einer eigenen regionalen Rundfunkanstalt der ARD (bedeutet, ein Sender ist ausschließlich in diesem Land aktiv) Ja
39%
Bundesländer mit einer eigenen regionalen Rundfunkanstalt der ARD (bedeutet, ein Sender ist ausschließlich in diesem Land aktiv) Ja
39%
Bundesländer mit dem BSW in der Landesregierung Ja
36%
Bundesländer mit dem BSW in der Landesregierung Ja
32%
Bundesländer mit einer eigenen regionalen Rundfunkanstalt der ARD (bedeutet, ein Sender ist ausschließlich in diesem Land aktiv) Ja
29%
Bundesländer mit einer eigenen regionalen Rundfunkanstalt der ARD (bedeutet, ein Sender ist ausschließlich in diesem Land aktiv) Ja
29%
Keine übereinstimmenden Quizze gefunden
Verteilung der Resultate
Anzahl Personen mit jedem Resultat
Perzentil nach korrekt beantworteten Fragen
Ihre Resultats-Entwicklung
Sie haben dieses Quiz noch nicht gespielt